the study on real location of fishing lot boundary by using remote sensing and gis: case study of fishing lot no. 3 in kampong chhnang province (ការសិក្សាពីទីតាំងពិតប្រាកដនូវព្រំប្រទល់ឡូត៍នេសាទ ដោយប្រើ remote sensing និង ប្រព័ន្ទព័តមាន ភូមិសាស្រ្ត (gis) លើកយកឡូូត៍នេសាទ ០៣ ក្នុងខេត្តកំពង់ឆ្នាំងមកសិក្សា) (Record no. 3980)
[ view plain ]
| 000 -LEADER | |
|---|---|
| fixed length control field | 00923nam a22001577a 4500 |
| 003 - CONTROL NUMBER IDENTIFIER | |
| control field | OSt |
| 005 - DATE AND TIME OF LATEST TRANSACTION | |
| control field | 20151204105947.0 |
| 008 - FIXED-LENGTH DATA ELEMENTS--GENERAL INFORMATION | |
| fixed length control field | 151204b xxu||||| |||| 00| 0 eng d |
| 040 ## - CATALOGING SOURCE | |
| Transcribing agency | RUA |
| 082 ## - DEWEY DECIMAL CLASSIFICATION NUMBER | |
| Classification number | FIS LIM 2004 B176 Or.1 |
| 100 ## - MAIN ENTRY--PERSONAL NAME | |
| 9 (RLIN) | 4265 |
| Personal name | LIM, NGUONKRUY. |
| 245 ## - TITLE STATEMENT | |
| Title | the study on real location of fishing lot boundary by using remote sensing and gis: case study of fishing lot no. 3 in kampong chhnang province (ការសិក្សាពីទីតាំងពិតប្រាកដនូវព្រំប្រទល់ឡូត៍នេសាទ ដោយប្រើ remote sensing និង ប្រព័ន្ទព័តមាន ភូមិសាស្រ្ត (gis) លើកយកឡូូត៍នេសាទ ០៣ ក្នុងខេត្តកំពង់ឆ្នាំងមកសិក្សា) |
| 260 ## - PUBLICATION, DISTRIBUTION, ETC. (IMPRINT) | |
| Place of publication, distribution, etc. | Phnom Penh |
| Name of publisher, distributor, etc. | RUA |
| Date of publication, distribution, etc. | 2004 |
| 300 ## - PHYSICAL DESCRIPTION | |
| Extent | 41p. |
| Other physical details | ill. |
| Dimensions | 29cm. |
| 942 ## - ADDED ENTRY ELEMENTS (KOHA) | |
| Source of classification or shelving scheme | |
| Koha item type | FIS |
| Price effective from | Date last seen | Permanent Location | Not for loan | Date acquired | Source of classification or shelving scheme | Koha item type | Lost status | Withdrawn status | Date last checked out | Total Checkouts | Shelving location | Damaged status | Barcode | Current Location | Full call number |
|---|---|---|---|---|---|---|---|---|---|---|---|---|---|---|---|
| 2015-12-04 | 2019-06-26 | Library Block B | 2015-12-04 | FIS | 2017-02-15 | 1 | B176 | RUA026536 | Library Block B | FIS LIM 2004 B176 Or.1 | |||||
| 2015-12-04 | 2019-01-11 | Library Block B | 2015-12-04 | FIS | 2018-12-31 | 1 | B176 | RUA026608 | Library Block B | FIS LIM 2004 B176 Or.2 | |||||
| 2015-12-04 | 2015-12-04 | Library Block B | 2015-12-04 | FIS | B176 | RUA026968 | Library Block B | FIS LIM 2004 B176 Or.3 | |||||||
| 2015-12-04 | 2015-12-04 | Library Block B | 2015-12-04 | FIS | B176 | RUA026896 | Library Block B | FIS LIM 2004 B176 Or.4 | |||||||
| 2015-12-04 | 2015-12-04 | Library Block B | 2015-12-04 | FIS | B176 | RUA026824 | Library Block B | FIS LIM 2004 B176 Or.5 | |||||||
| 2015-12-04 | 2015-12-04 | Library Block B | 2015-12-04 | FIS | B176 | RUA027632 | Library Block B | FIS LIM 2004 B176 Or.6 |